• 首页
  • 本馆介绍
  • 公告通知
  • 最新文献
  • 馆藏检索
  • 电子资源
  • 读者导购
  • 参考咨询
  • 我的图书馆
  • 登录
  • 详细信息显示
  • 放入我的书架
  • 预约/预借图书
  • 作者相关作品
  • 分类相关作品
  • 丛书相关作品
  • 出版社相关作品

书目信息

  • 表格格式
  • 工作单格式
  • 卡片格式
题名:
慧通韩非子
    
 
作者: 王宏斌 著
分册:  
出版信息: 北京   九州出版社  2009
页数: 218页
开本: 24cm
丛书名:
单 册:
中图分类: B226.55
科图分类:
主题词: 法家
电子资源:
ISBN: 978-7-80195-720-7
000 00832nam0 2200253 45
001 1050643531
005 20100415104054.60
010    @a978-7-80195-720-7@dCNY22.00
100    @a20100408d2009 ekmy0chiy0120 ea
101 0  @achi
102    @aCN@b110000
105    @ay z 000yy
106    @ar
200 1  @a慧通韩非子@AHui Tong Han Fei Zi@f王宏斌著@FWang Hong Bin Zhu
210    @a北京@c九州出版社@d2009
215    @a218页@d24cm
330    @a本书内容包括:韩非与《韩非子》、韩非思想的实践与秦王朝的兴亡、从外道内法到阳儒阴法、韩非的法治理论与著名的政治家、帝王术的运用、韩非思想的近现代意义、韩非思想的另类智慧。
600  0 @a韩非子@x法家@x研究
600  0 @a韩非子
606 0  @a法家
690    @aB226.55@v4
701  0 @a王宏斌@AWang Hong Bin@4著
801  0 @aCN@bTANGWEI@c20100415
905    @b0589013-17@dB226.55@e371@f5
    
    慧通韩非子/王宏斌著.-北京:九州出版社,2009
    218页;24cm
    
    
    ISBN 978-7-80195-720-7:CNY22.00
    本书内容包括:韩非与《韩非子》、韩非思想的实践与秦王朝的兴亡、从外道内法到阳儒阴法、韩非的法治理论与著名的政治家、帝王术的运用、韩非思想的近现代意义、韩非思想的另类智慧。
●
相关链接 在E读中查询图书 在五车中查询图书 在当当中查询图书 在豆瓣中查询图书


正题名:慧通韩非子     索取号:B226.55/371         预约/预借

序号 登录号 条形码 馆藏地/架位号 状态 备注
1 0589013   205890133   第一样本阅览室/ [索取号:B226.55/371] 在馆    
2 0589014   205890142   教育系资料室/ [索取号:B226.55/371] 在馆    
3 0589015   205890151   第一借阅区/ [索取号:B226.55/371] 在馆    
4 0589016   205890160   第一借阅区/ [索取号:B226.55/371] 在馆    
5 0589017   205890179   第一借阅区/ [索取号:B226.55/371] 在馆    
唐山师范学院图书馆 欢迎您!
大连网信软件有限公司© 版权所有